| 000 | 00725nas a2200241 4500 | ||
|---|---|---|---|
| 001 | BR2014006791 | ||
| 003 | BR-BrBNA | ||
| 005 | 20231205124648.0 | ||
| 007 | ta | ||
| 008 | 230509b bl.|||p| |||| 00| 00por d | ||
| 040 |
_aBR-BrBNA _bpor _cBiblioteca Nacional de Agricultura |
||
| 041 | _a(Pt) | ||
| 072 | _aF70 | ||
| 100 | 1 | _aLopes, J. de C. | |
| 100 | 1 | _aSilva, R.M. | |
| 245 | 1 | _aDiversidade e caracterização das annonaceae do Brasil | |
| 650 | _aANNONACEAE | ||
| 650 | _aFLORA | ||
| 650 | _aTAXONOMIA VEGETAL | ||
| 773 | 0 |
_tRevista Brasileira de Fruticultura (Brazil) _xISSN 0100-2945 _g(Feb 2014), v. 36(ed. esp.) p. 125-131 _wBR2014006791 |
|
| 909 |
_a202311 _bLúcia _c55 _dLúcia Elande |
||
| 942 |
_2AGRIS _n0 _cANA |
||
| 999 |
_c240242 _d240242 |
||